[Event "Gernsheim U20 op 3rd"]
[Site "Gernsheim"]
[Date "2005.05.??"]
[Round "1"]
[White "Hamann, Benedikt"]
[Black "Fuelbert, Florian"]
[Result "0-1"]
[WhiteElo "741"]
[BlackElo "1229"]
[PlyCount "84"]
[EventDate "2005.05.??"]
[EventType "swiss"]
[EventRounds "7"]
[EventCountry "GER"]
[SourceTitle "EXT 2007"]
[Source "ChessBase"]
[SourceDate "2006.11.23"]
[SourceVersion "1"]
[SourceVersionDate "2006.11.23"]
[SourceQuality "1"]

1. e4 e5 2. Bc4 Nf6 3. Nc3 Bc5 4. Nf3 Nc6 5. 0-0 d6 6. h3 b6 7. d3 h6 8. Be3 Nd4 9. a3 a5 10. Nb5 Nxf3+ 11. Qxf3 Bxe3 12. Qxe3 c6 13. Nc3 Bb7 14. Na4 b5 15. Nb6 Ra6 16. a4 Qxb6 17. axb5 cxb5 18. Qxb6 Rxb6 19. Ba2 0-0 20. c3 a4 21. d4 exd4 22. cxd4 Nxe4 23. Rac1 Rc6 24. Bb1 Nd2 25. Rfd1 Rxc1 26. Rxc1 Nxb1 27. Rxb1 Rc8 28. b3 a3 29. Ra1 b4 30. d5 Bxd5 31. Rd1 a2 32. Ra1 Bxb3 33. Kh1 Rc5 34. Re1 Rd5 35. Kg1 Rd1 36. Rxd1 Bxd1 37. Kf1 a1Q 38. Kg1 b3 39. Kh2 b2 40. Kg1 b1Q 41. Kh1 Qe5 42. Kg1 Ba4# 0-1